[Event "Wch Seniors 65 30th"]
[Site "Assisi"]
[Date "2022.11.18"]
[Round "4"]
[White "Kerr, Grant"]
[Black "Schouten, Nico"]
[Result "1/2-1/2"]
[WhiteElo "1741"]
[BlackElo "2080"]
[PlyCount "77"]
[EventDate "2022.11.15"]
[EventType "swiss"]
[EventRounds "11"]
[EventCountry "ITA"]
[SourceTitle "CBM 211 Extra"]
[Source "ChessBase"]
[SourceDate "2023.01.31"]
[SourceVersion "1"]
[SourceVersionDate "2023.01.31"]
[SourceQuality "1"]

1. e4 e5 2. Nf3 Nc6 3. Bc4 Be7 4. c3 Nf6 5. d3 0-0 6. 0-0 d6 7. Re1 Na5 8. Nbd2 Nxc4 9. Nxc4 c6 10. a4 Re8 11. Bg5 Qc7 12. Qc2 Nh5 13. Be3 g6 14. Ng5 Bd7 15. Qe2 f6 16. Nf3 d5 17. Ncd2 Nf4 18. Bxf4 exf4 19. e5 fxe5 20. Nxe5 Bf6 21. d4 Bxe5 22. dxe5 Bf5 23. Nf3 Re7 24. Qd2 Be4 25. Qxf4 Bxf3 26. Qxf3 Rxe5 27. Re3 Rxe3 28. Qxe3 Qd6 29. Re1 Kf7 30. Qf3+ Kg8 31. Re3 Rf8 32. Qe2 Qf4 33. Re7 Rf7 34. g3 Rxe7 35. Qxe7 Qc1+ 36. Kg2 Qxb2 37. Qe6+ Kf8 38. Qf6+ Kg8 39. Qe6+ 1/2-1/2

[Event "Wch Seniors 65 29th"]
[Site "Bucharest"]
[Date "2019.11.18"]
[Round "6"]
[White "Renman, Nils Gustaf"]
[Black "Schouten, Nico"]
[Result "1-0"]
[WhiteElo "2331"]
[BlackElo "2127"]
[PlyCount "67"]
[EventDate "2019.11.12"]
[EventType "swiss"]
[EventRounds "11"]
[EventCountry "ROU"]
[SourceTitle "CBM 193 Extra"]
[Source "ChessBase"]
[SourceDate "2020.01.31"]
[SourceVersion "1"]
[SourceVersionDate "2020.01.31"]
[SourceQuality "1"]

1. d4 Nf6 2. Nf3 g6 3. c4 Bg7 4. Nc3 0-0 5. e4 d6 6. Be2 c6 7. Be3 e5 8. d5 cxd5 9. cxd5 Ng4 10. Bg5 f6 11. Bh4 a6 12. Nd2 Nh6 13. a4 g5 14. Bg3 f5 15. exf5 Nxf5 16. 0-0 Nd7 17. Nde4 h6 18. Rc1 b6 19. Bg4 Nc5 20. b4 Nb7 21. Re1 Bd7 22. f3 a5 23. bxa5 Rxa5 24. Bf2 Nc5 25. Bxf5 Bxf5 26. Bxc5 bxc5 27. Rb1 Rf7 28. Re2 Bf8 29. Reb2 Ra6 30. Qe2 Qa8 31. Qc4 Kg7 32. h3 Bc8 33. Rb8 Bf5 34. R8b3 1-0

[Event "Wch Seniors 65 29th"]
[Site "Bucharest"]
[Date "2019.11.13"]
[Round "2"]
[White "Schouten, Nico"]
[Black "Balashov, Yuri S"]
[Result "1/2-1/2"]
[WhiteElo "2127"]
[BlackElo "2457"]
[PlyCount "63"]
[EventDate "2019.11.12"]
[EventType "swiss"]
[EventRounds "11"]
[EventCountry "ROU"]
[SourceTitle "CBM 193 Extra"]
[Source "ChessBase"]
[SourceDate "2020.01.31"]
[SourceVersion "1"]
[SourceVersionDate "2020.01.31"]
[SourceQuality "1"]

1. d4 Nf6 2. c4 g6 3. Nc3 d5 4. e3 Bg7 5. Nf3 0-0 6. cxd5 Nxd5 7. Bc4 Nxc3 8. bxc3 c5 9. 0-0 Qc7 10. Qe2 Nc6 11. Bb2 b6 12. Nd2 Bb7 13. Rac1 Na5 14. Bd3 e5 15. Be4 exd4 16. cxd4 Rfe8 17. Bxb7 Qxb7 18. Nf3 cxd4 19. Bxd4 Bxd4 20. Nxd4 Rad8 21. Qb2 Rd7 22. Rc2 Rc8 23. Rfc1 Rdc7 24. Rxc7 Rxc7 25. Rxc7 Qxc7 26. h4 h5 27. Qb5 Kf8 28. Qd5 Qc1+ 29. Kh2 Qc7+ 30. Kg1 Qc1+ 31. Kh2 Qc7+ 32. Kg1 1/2-1/2

[Event "Wch Seniors 65 29th"]
[Site "Bucharest"]
[Date "2019.11.12"]
[Round "1"]
[White "Munar Mut, Antoni"]
[Black "Schouten, Nico"]
[Result "0-1"]
[WhiteElo "1799"]
[BlackElo "2127"]
[PlyCount "60"]
[EventDate "2019.11.12"]
[EventType "swiss"]
[EventRounds "11"]
[EventCountry "ROU"]
[SourceTitle "CBM 193 Extra"]
[Source "ChessBase"]
[SourceDate "2020.01.31"]
[SourceVersion "1"]
[SourceVersionDate "2020.01.31"]
[SourceQuality "1"]

1. e4 e5 2. Nf3 Nc6 3. Bb5 a6 4. Bxc6 dxc6 5. 0-0 Ne7 6. Nxe5 Qd4 7. Nf3 Qxe4 8. d3 Qg4 9. Re1 Be6 10. Re4 Qh5 11. Nc3 0-0-0 12. Qe1 Nd5 13. Re5 Qg4 14. Bg5 Nf4 15. Bxf4 Qxf4 16. Re4 Qh6 17. Ne2 Bd5 18. Rh4 Qf6 19. Rf4 Qxb2 20. Rb1 Qxc2 21. Ne5 Bd6 22. Nd4 Qxa2 23. Ra1 Qb2 24. Rb1 Qa3 25. Nc2 Qc5 26. Nb4 f6 27. d4 Qa5 28. Nexc6 bxc6 29. Rg4 Rde8 30. Qf1 Bxb4 0-1

[Event "EU-ch Seniors 65 18th"]
[Site "Drammen"]
[Date "2018.08.05"]
[Round "2"]
[White "Werner, Clemens"]
[Black "Schouten, Nico"]
[Result "1/2-1/2"]
[WhiteElo "2258"]
[BlackElo "2126"]
[PlyCount "50"]
[EventDate "2018.08.04"]
[EventType "swiss"]
[EventRounds "9"]
[EventCountry "NOR"]
[SourceTitle "CBM 186 Extra"]
[Source "ChessBase"]
[SourceDate "2018.08.24"]
[SourceVersion "1"]
[SourceVersionDate "2018.08.24"]
[SourceQuality "1"]

1. e4 e5 2. Nf3 Nc6 3. Bc4 Be7 4. d3 Nf6 5. 0-0 0-0 6. Re1 d6 7. c3 a6 8. Bb3 b5 9. Nbd2 Bb7 10. d4 Nd7 11. Nf1 Bf6 12. Ne3 Ne7 13. Ng4 Ng6 14. dxe5 Ngxe5 15. Nfxe5 Nxe5 16. Nxf6+ Qxf6 17. f4 Ng6 18. g3 Rfe8 19. Bc2 Rad8 20. Qd4 Qe7 21. Bd2 Nf8 22. Qf2 Nd7 23. Re2 Nf6 24. Rae1 Qd7 25. f5 h6 1/2-1/2

[Event "EU-ch Seniors 65 16th"]
[Site "Yerevan"]
[Date "2016.06.07"]
[Round "3"]
[White "Kopasov, Evgeny Aleksandrovi"]
[Black "Schouten, Nico"]
[Result "1-0"]
[WhiteElo "1964"]
[BlackElo "2102"]
[PlyCount "87"]
[EventDate "2016.06.05"]
[EventType "swiss"]
[EventRounds "9"]
[EventCountry "ARM"]
[SourceTitle "CBM 172 Extra"]
[Source "ChessBase"]
[SourceDate "2016.06.21"]
[SourceVersion "1"]
[SourceVersionDate "2016.06.21"]
[SourceQuality "1"]

1. d4 Nf6 2. c4 g6 3. Nc3 Bg7 4. e4 d6 5. f3 0-0 6. Be3 e5 7. d5 Ne8 8. Qd2 f5 9. 0-0-0 Qe7 10. Bd3 Na6 11. exf5 gxf5 12. Nge2 Bd7 13. f4 Nf6 14. h3 Rae8 15. Rde1 b6 16. Rhf1 e4 17. Bc2 Nc5 18. b4 Nb7 19. Bd4 a5 20. a3 axb4 21. axb4 Ra8 22. Kb2 Nd8 23. b5 Nb7 24. Ra1 Na5 25. Bb3 Be8 26. Na4 Bh5 27. Ng3 Bg6 28. Qc3 Rf7 29. Rfe1 Bh6 30. Be3 Nd7 31. Ne2 Bh5 32. Ng3 Qh4 33. Nxf5 Rxf5 34. g4 Rxf4 35. gxh5 Rf3 36. Rg1+ Kf7 37. Raf1 Nf6 38. Rxf3 exf3 39. Bd4 Re8 40. Bd1 Nxc4+ 41. Qxc4 Be3 42. Qxc7+ Re7 43. Rg7+ Kxg7 44. Qxe7+ 1-0

[Event "EU-ch Seniors 65 16th"]
[Site "Yerevan"]
[Date "2016.06.05"]
[Round "1"]
[White "Hoose, Hannelore"]
[Black "Schouten, Nico"]
[Result "0-1"]
[WhiteElo "1746"]
[BlackElo "2102"]
[PlyCount "83"]
[EventDate "2016.06.05"]
[EventType "swiss"]
[EventRounds "9"]
[EventCountry "ARM"]
[SourceTitle "CBM 172 Extra"]
[Source "ChessBase"]
[SourceDate "2016.06.21"]
[SourceVersion "1"]
[SourceVersionDate "2016.06.21"]
[SourceQuality "1"]

1. f4 Nf6 2. Nf3 e6 3. b3 Be7 4. Bb2 0-0 5. g3 b5 6. Bg2 Bb7 7. 0-0 c5 8. e3 d5 9. a4 b4 10. Ne5 Ne8 11. Nf3 Nd7 12. c3 Nd6 13. d4 a5 14. Nbd2 bxc3 15. Bxc3 Ba6 16. Re1 Qb6 17. Bf1 Rac8 18. Ne5 Nf6 19. Bxa6 Qxa6 20. Rc1 Nfe4 21. dxc5 Nxc5 22. Bd4 Nf5 23. Rc3 f6 24. Nef3 Nd7 25. Rxc8 Rxc8 26. g4 Nh6 27. h3 Nf7 28. e4 Bb4 29. exd5 exd5 30. Qe2 Qd6 31. Qe6 Rc2 32. Qe8+ Nf8 33. Qe3 g5 34. Qd3 Rc8 35. Qf5 Rc6 36. fxg5 Qg3+ 37. Kf1 Qxh3+ 38. Kf2 Bxd2 39. Nxd2 Qh2+ 40. Ke3 Re6+ 41. Qxe6 Nxe6 42. Bxf6 0-1

[Event "EU-ch Seniors 65 15th"]
[Site "Eretria"]
[Date "2015.05.03"]
[Round "5"]
[White "Vasiukov, Evgeni"]
[Black "Schouten, Nico"]
[Result "1-0"]
[WhiteElo "2414"]
[BlackElo "2197"]
[PlyCount "55"]
[EventDate "2015.04.29"]
[EventType "swiss"]
[EventRounds "9"]
[EventCountry "GRE"]
[SourceTitle "CBM 166 Extra"]
[Source "ChessBase"]
[SourceDate "2015.06.18"]
[SourceVersion "1"]
[SourceVersionDate "2015.06.18"]
[SourceQuality "1"]

1. e4 e5 2. Nf3 Nc6 3. Bb5 a6 4. Ba4 Nf6 5. 0-0 Nxe4 6. d4 b5 7. Bb3 d5 8. Nxe5 Nxe5 9. dxe5 c6 10. a4 Rb8 11. axb5 axb5 12. Be3 Be7 13. c3 0-0 14. Nd2 Nxd2 15. Qxd2 f6 16. exf6 Bxf6 17. Bc2 Qd6 18. b4 Qd7 19. f4 Qg4 20. h3 Qh5 21. Rf3 Qf7 22. g4 Bd7 23. Raf1 Bd8 24. f5 Bb6 25. Bxb6 Rxb6 26. f6 Rbb8 27. Qg5 Rfe8 28. fxg7 1-0

[Event "EU-ch Seniors 65 14th"]
[Site "Porto"]
[Date "2014.03.13"]
[Round "5"]
[White "Schouten, Nico"]
[Black "Vucenovic, Dragomir"]
[Result "1/2-1/2"]
[WhiteElo "2179"]
[BlackElo "2266"]
[PlyCount "98"]
[EventDate "2014.03.09"]
[EventType "swiss"]
[EventRounds "9"]
[EventCountry "POR"]
[SourceTitle "CBM 159 Extra"]
[Source "ChessBase"]
[SourceDate "2014.04.24"]
[SourceVersion "1"]
[SourceVersionDate "2014.04.24"]
[SourceQuality "1"]

1. d4 d5 2. c4 c6 3. Nf3 Nf6 4. Nc3 e6 5. e3 Nbd7 6. Be2 a6 7. 0-0 dxc4 8. a4 c5 9. Bxc4 Nb6 10. Ba2 Be7 11. dxc5 Qxd1 12. Rxd1 Bxc5 13. a5 Nbd7 14. Na4 b5 15. axb6 Bxb6 16. Bd2 Rb8 17. Nxb6 Rxb6 18. Bc3 0-0 19. Bc4 Bb7 20. b3 Ra8 21. Bd4 Rc6 22. Ra5 Nb6 23. Ne5 Nxc4 24. bxc4 Rcc8 25. f3 Bc6 26. Rda1 Be8 27. Rxa6 Rxa6 28. Rxa6 Nd7 29. Nc6 Kf8 30. f4 f6 31. Kf2 Bg6 32. Na5 Nc5 33. Bxc5+ Rxc5 34. Ke2 e5 35. fxe5 fxe5 36. Ra8+ Kf7 37. Nb7 Rc7 38. Nd6+ Ke7 39. Ra6 Kd7 40. Kd2 Rc6 41. Rxc6 Kxc6 42. Nb5 Kc5 43. Kc3 Bf7 44. Nc7 Bxc4 45. Ne8 Bd5 46. g3 g6 47. Nf6 h5 48. e4 Be6 49. Kd3 Kd6 1/2-1/2

[Event "EU-ch Seniors 65 14th"]
[Site "Porto"]
[Date "2014.03.12"]
[Round "4"]
[White "Mueller, Rudolf"]
[Black "Schouten, Nico"]
[Result "0-1"]
[WhiteElo "2190"]
[BlackElo "2179"]
[PlyCount "92"]
[EventDate "2014.03.09"]
[EventType "swiss"]
[EventRounds "9"]
[EventCountry "POR"]
[SourceTitle "CBM 159 Extra"]
[Source "ChessBase"]
[SourceDate "2014.04.24"]
[SourceVersion "1"]
[SourceVersionDate "2014.04.24"]
[SourceQuality "1"]

1. e4 e5 2. Nf3 Nc6 3. d4 exd4 4. Bc4 Nf6 5. e5 Ne4 6. Bd5 Nc5 7. Bxc6 dxc6 8. Nxd4 Ne6 9. Be3 c5 10. Nxe6 Qxd1+ 11. Kxd1 Bxe6 12. Nd2 0-0-0 13. Ke2 Be7 14. b3 b6 15. a4 a5 16. h3 f6 17. f4 Rhe8 18. Nf3 c4 19. bxc4 Bxc4+ 20. Kf2 Bd5 21. Rhd1 Be4 22. c3 Rxd1 23. Rxd1 Bd8 24. exf6 Bxf6 25. Bd4 Rd8 26. Re1 Bc6 27. Bxf6 gxf6 28. Re6 Rd6 29. Re7 Bxa4 30. Rxh7 Bc2 31. Rh8+ Kb7 32. Re8 a4 33. Re2 Bd1 34. Ra2 c5 35. h4 b5 36. h5 f5 37. Ra1 Kb6 38. Ne5 Bxh5 39. c4 Bd1 40. cxb5 Kxb5 41. Ke3 c4 42. Rc1 Bb3 43. g4 fxg4 44. Nxg4 a3 45. f5 Rd3+ 46. Ke2 Bd1+ 0-1

[Event "Wch Seniors 23rd"]
[Site "Opatija"]
[Date "2013.11.23"]
[Round "11"]
[White "Christiansen, Arne"]
[Black "Schouten, Nico"]
[Result "1/2-1/2"]
[WhiteElo "2117"]
[BlackElo "2201"]
[PlyCount "70"]
[EventDate "2013.11.12"]
[EventType "swiss"]
[EventRounds "11"]
[EventCountry "CRO"]
[SourceTitle "CBM 157 Extra"]
[Source "ChessBase"]
[SourceDate "2013.12.19"]
[SourceVersion "1"]
[SourceVersionDate "2013.12.19"]
[SourceQuality "1"]

1. c4 c5 2. Nc3 Nf6 3. Nf3 g6 4. g3 Bg7 5. Bg2 0-0 6. 0-0 d6 7. d4 Na6 8. d5 Nc7 9. Re1 a6 10. a4 e5 11. e4 b6 12. Rf1 Nh5 13. Ne1 f5 14. exf5 Bxf5 15. f3 Bd7 16. Ne4 Ne8 17. Nd3 Qc8 18. Bg5 Nhf6 19. Ndf2 Ra7 20. Qd2 Rb7 21. Rfc1 Nxe4 22. Nxe4 Bh3 23. Ra3 Bxg2 24. Kxg2 Rbf7 25. Rf1 a5 26. Rd3 Qd7 27. b3 Nc7 28. Qe2 h6 29. Bd2 Ne8 30. Bc1 Kh7 31. Qe3 Nf6 32. Nxf6+ Rxf6 33. Qe4 Kg8 34. Re1 Qf7 35. Re2 g5 1/2-1/2

[Event "Wch Seniors 23rd"]
[Site "Opatija"]
[Date "2013.11.22"]
[Round "10"]
[White "Schouten, Nico"]
[Black "Green, Per"]
[Result "1-0"]
[WhiteElo "2201"]
[BlackElo "1990"]
[PlyCount "95"]
[EventDate "2013.11.12"]
[EventType "swiss"]
[EventRounds "11"]
[EventCountry "CRO"]
[SourceTitle "CBM 157 Extra"]
[Source "ChessBase"]
[SourceDate "2013.12.19"]
[SourceVersion "1"]
[SourceVersionDate "2013.12.19"]
[SourceQuality "1"]

1. d4 Nf6 2. c4 e6 3. Nc3 Bb4 4. e3 0-0 5. Nf3 c5 6. Be2 d5 7. 0-0 Nc6 8. a3 Ba5 9. Na4 cxd4 10. exd4 h6 11. b4 Bc7 12. b5 Na5 13. c5 b6 14. Bd2 Nc4 15. Qc2 Nxd2 16. Qxd2 Ne4 17. Qb2 Qf6 18. Rac1 Ng5 19. cxb6 Nxf3+ 20. Bxf3 Bf4 21. Rxc8 Raxc8 22. bxa7 Bd6 23. b6 Qf4 24. g3 Qxf3 25. b7 Rcd8 26. Nb6 h5 27. Rc1 h4 28. Qc3 Qg4 29. Nc8 h3 30. Qd3 e5 31. a8Q e4 32. Qd1 Qg5 33. Qa5 e3 34. Qae1 Bf4 35. Rc3 Rfe8 36. Qf3 exf2+ 37. Qexf2 Bb8 38. Qxf7+ Kh8 39. Qf1 Qg4 40. Q7f3 Qxd4+ 41. Kh1 Re6 42. Qxh3+ Rh6 43. Qhg4 Qd2 44. h4 Re8 45. Ne7 Qe1+ 46. Kg2 Qxe7 47. Rc8 Re6 48. Qxe6 1-0

[Event "Wch Seniors 23rd"]
[Site "Opatija"]
[Date "2013.11.19"]
[Round "7"]
[White "Bondar, Leonid"]
[Black "Schouten, Nico"]
[Result "0-1"]
[WhiteElo "2049"]
[BlackElo "2201"]
[PlyCount "104"]
[EventDate "2013.11.12"]
[EventType "swiss"]
[EventRounds "11"]
[EventCountry "CRO"]
[SourceTitle "CBM 157 Extra"]
[Source "ChessBase"]
[SourceDate "2013.12.19"]
[SourceVersion "1"]
[SourceVersionDate "2013.12.19"]
[SourceQuality "1"]

1. e4 e5 2. Bc4 Nf6 3. Nf3 Nc6 4. Ng5 d5 5. exd5 Na5 6. Bb5+ Bd7 7. Qe2 Be7 8. 0-0 Nxd5 9. Bxd7+ Qxd7 10. Nf3 f6 11. d4 exd4 12. Nxd4 0-0 13. Bd2 Rfe8 14. Qb5 Qxb5 15. Nxb5 Nc4 16. b3 Nxd2 17. Nxd2 c6 18. Nd4 Bb4 19. N2f3 Rad8 20. c4 Nc3 21. a4 Bc5 22. Rac1 Nxa4 23. Nxc6 bxc6 24. bxa4 Re2 25. g3 Ra2 26. Ra1 Bxf2+ 27. Kg2 Rxa1 28. Rxa1 Bc5 29. Rb1 Bb6 30. Ra1 Rd3 31. a5 Bc7 32. Rb1 Bxa5 33. Rb8+ Rd8 34. Rb7 Bb6 35. g4 Rc8 36. g5 Rc7 37. Rb8+ Kf7 38. gxf6 Kxf6 39. Rf8+ Ke7 40. Rh8 h6 41. h4 Kd6 42. Rf8 Kc5 43. Rf4 Re7 44. Kh3 Bc7 45. Rg4 a5 46. Nd4 a4 47. Nf5 Re2 48. Rxg7 Rh2+ 49. Kg4 Rg2+ 50. Kh5 Rxg7 51. Nxg7 a3 52. Ne6+ Kxc4 0-1

[Event "Wch Seniors 23rd"]
[Site "Opatija"]
[Date "2013.11.13"]
[Round "2"]
[White "Schouten, Nico"]
[Black "Kristiansen, Jens"]
[Result "1/2-1/2"]
[WhiteElo "2201"]
[BlackElo "2407"]
[PlyCount "58"]
[EventDate "2013.11.12"]
[EventType "swiss"]
[EventRounds "11"]
[EventCountry "CRO"]
[SourceTitle "CBM 157 Extra"]
[Source "ChessBase"]
[SourceDate "2013.12.19"]
[SourceVersion "1"]
[SourceVersionDate "2013.12.19"]
[SourceQuality "1"]

1. d4 f5 2. c4 Nf6 3. Nc3 e6 4. Bg5 Be7 5. e3 0-0 6. Nf3 d6 7. Be2 Nbd7 8. Qc2 c6 9. 0-0 Nh5 10. Bxe7 Qxe7 11. b4 e5 12. c5 e4 13. cxd6 Qxd6 14. Qb3+ Kh8 15. Ng5 Qg6 16. Ne6 Rg8 17. Bxh5 Qxh5 18. b5 Nb6 19. bxc6 bxc6 20. Nc5 Qg6 21. Ne2 Nd5 22. Rac1 Qd6 23. Rc4 Rb8 24. Qa3 Rf8 25. Ra4 a6 26. Nb3 Qf6 27. Nc5 Qd6 28. Nb3 Qf6 29. Nc5 Qd6 1/2-1/2

[Event "Wch Seniors 22nd"]
[Site "Kamena Vourla"]
[Date "2012.11.22"]
[Round "9"]
[White "Meizlin, Yaacov"]
[Black "Schouten, Nico"]
[Result "0-1"]
[WhiteElo "2122"]
[BlackElo "2227"]
[PlyCount "66"]
[EventDate "2012.11.13"]
[EventType "swiss"]
[EventRounds "11"]
[EventCountry "GRE"]
[SourceTitle "CBM 151 Extra"]
[Source "ChessBase"]
[SourceDate "2012.12.18"]
[SourceVersion "1"]
[SourceVersionDate "2012.12.18"]
[SourceQuality "1"]

1. c4 Nf6 2. Nc3 c5 3. g3 g6 4. Bg2 Bg7 5. d3 0-0 6. e4 Nc6 7. Nge2 d6 8. 0-0 Bd7 9. h3 Qc8 10. Kh2 a6 11. Be3 Rb8 12. Qd2 b5 13. f4 bxc4 14. dxc4 Rd8 15. Rad1 Ne8 16. b3 Nc7 17. Nd5 Be8 18. Qc1 a5 19. e5 Nxd5 20. cxd5 Nb4 21. exd6 exd6 22. Qd2 f5 23. Rc1 Bf7 24. Rfd1 Re8 25. Bf3 Nxa2 26. Bd4 Nxc1 27. Rxc1 Rxe2+ 28. Bxe2 Bxd4 29. Bc4 Qb7 30. Qxa5 Bxd5 31. Bxd5+ Qxd5 32. Re1 Bf6 33. h4 Ra8 0-1

[Event "Wch Seniors 22nd"]
[Site "Kamena Vourla"]
[Date "2012.11.18"]
[Round "6"]
[White "Schouten, Nico"]
[Black "Batakovs, Olegs N"]
[Result "1/2-1/2"]
[WhiteElo "2227"]
[BlackElo "2109"]
[PlyCount "101"]
[EventDate "2012.11.13"]
[EventType "swiss"]
[EventRounds "11"]
[EventCountry "GRE"]
[SourceTitle "CBM 151 Extra"]
[Source "ChessBase"]
[SourceDate "2012.12.18"]
[SourceVersion "1"]
[SourceVersionDate "2012.12.18"]
[SourceQuality "1"]

1. d4 Nf6 2. c4 g6 3. Nc3 Bg7 4. e4 d6 5. Nf3 0-0 6. Be2 e5 7. 0-0 exd4 8. Nxd4 Nc6 9. Nxc6 bxc6 10. Bg5 Qe8 11. Qc2 Nd7 12. Rad1 Rb8 13. Bg4 Nc5 14. Bxc8 Qxc8 15. Be3 Qb7 16. Bxc5 dxc5 17. b3 Rbd8 18. Ne2 Qc8 19. Kh1 Qe6 20. f3 Qe7 21. f4 Bd4 22. Ng3 f6 23. e5 fxe5 24. f5 Rf6 25. fxg6 hxg6 26. Rxf6 Qxf6 27. Rf1 Qe6 28. Qe4 Rf8 29. Rxf8+ Kxf8 30. Qf3+ Kg7 31. h3 Qf6 32. Kh2 Qxf3 33. gxf3 Kf6 34. h4 Be3 35. Kh3 Bf4 36. Ne4+ Kf5 37. Nxc5 Be3 38. Na6 Bf2 39. Nxc7 Kf4 40. Kg2 Bxh4 41. Ne6+ Ke3 42. Nc5 Be7 43. Nd7 Kd4 44. Nb8 Kc5 45. b4+ Kxc4 46. Nxc6 Bd6 47. Nxa7 Kxb4 48. Kh3 Kc5 49. Kg4 Be7 50. a4 Bd8 51. Nb5 1/2-1/2

[Event "NED-chT 9697"]
[Site "Netherlands"]
[Date "1996.??.??"]
[Round "?"]
[White "Van Delft, Merijn"]
[Black "Schouten, Nico"]
[Result "1-0"]
[WhiteElo "2185"]
[BlackElo "2250"]
[PlyCount "113"]
[EventDate "1996.??.??"]
[EventType "team"]
[EventRounds "11"]
[EventCountry "NED"]
[SourceTitle "EXT 2000"]
[Source "ChessBase"]
[SourceDate "1999.11.16"]
[SourceVersion "1"]
[SourceVersionDate "1999.11.16"]
[SourceQuality "1"]

1. e4 e5 2. Nf3 Nc6 3. Nc3 Nf6 4. d4 exd4 5. Nxd4 Nxd4 6. Qxd4 d6 7. Nd5 Be7 8. Nxe7 Qxe7 9. Bd3 h6 10. 0-0 0-0 11. b3 Qe5 12. Qxe5 dxe5 13. Bb2 Nd7 14. Rad1 Re8 15. f3 Nf8 16. Bb5 c6 17. Be2 Ng6 18. Rd6 Be6 19. Rfd1 Rac8 20. Kf2 Rc7 21. g3 Ree7 22. Rd8+ Kh7 23. Ra8 b6 24. Ke3 c5 25. Rdd8 c4 26. h4 h5 27. g4 hxg4 28. h5 cxb3 29. hxg6+ Kxg6 30. cxb3 gxf3 31. Bxf3 f6 32. Rd2 Bc8 33. Rg2+ Kh6 34. Bg4 Bxg4 35. Rxg4 Kh7 36. Rd8 Rc2 37. Rd2 Rec7 38. Rgg2 R2c6 39. Rh2+ Kg8 40. Rd3 Rc5 41. Rhd2 Rc2 42. a4 Kh7 43. Ba3 Kg6 44. Rxc2 Rxc2 45. Bf8 Rc7 46. Kd2 Kf7 47. Rd8 g5 48. Bd6 Rc6 49. Bb8 a6 50. Rd6 Rxd6+ 51. Bxd6 Ke6 52. Bc7 b5 53. axb5 axb5 54. Ke3 g4 55. Ba5 f5 56. exf5+ Kxf5 57. Be1 1-0